000 00307nam a22001337a 4500
008 170315b xxu||||| |||| 00| 0 eng d
020 _a9780471374879
041 _aeng
080 _a591
100 _a7
101 _aSHM
245 _aA PHOTOGRAPHIC ATLAS OF THE HUMAN BODY
_cTORTORA, G.J
942 _2udc
_cBK
999 _c7865
_d7865